000 00567nam a2200193 a 4500
005 20140310183438.0
008 080509s19uu xx 00 eng d
020 _a0324317034
050 _aHD 62.25
_b.P879 2007
100 _aPoza, Ernesto
245 _aFamily business /
_cErnesto Poza
260 _aU.S.A :
_bThomson South-Western,
_c2007.
300 _a380 p. :
_c23 cm.
521 _aBSBA
650 _aFamily- owned business enterprises
_xManagement.
650 _aFamily-owned business enterprises
_xSuccession.
942 _cBK
_2lcc
_kFOR
999 _c22994
_d22994